La réponse est un rappeur français - Statistiques

Statistiques générales
  • Ce quiz a été pris 223 fois
  • Le résultat moyen est 14 sur 26
Statistiques - réponses
Hint Réponse % Correct
C - Le "Duc" du rap francais Booba
92%
E - Matuidi Charo Niska
88%
I - Le rappeur le plus streamé Jul
85%
L - Je m'habillerai tout en Gucci Ninho
85%
G - Jusqu'à cque je die Gazo
83%
J - Je suis désaccordé Vald
82%
T - Un de mes albums est le surnom du pétrole Kaaris
72%
W - Mon feat avec U t'emmene sur la Lune Kalash
66%
Y - Je suis devenu célèbre grâce au tube "Madrina" Maes
66%
X - J'étais dans de nombreux groupes comme : 1995 Nekfeu
64%
A - J'ai sorti un album en commun avec G Tiakola
62%
F - J'ai bloqué une autoroute pour un clip Sofiane
58%
Z - Je porte une cagoule et viens du même endroit que Y et T Kalash criminel
56%
U - Je suis devenu célèbre grâce a C Damso
55%
K - Je suis un membre du Tsr Crew Hugo TSR
49%
B - Je suis souvent appelé : Le Eminem français Orelsan
45%
H -J'ai un restaurant nommé "Barlou Burger" Seth gueko
41%
R - J'ai réalisé deux film sur la banlieue parisienne Kery james
33%
D - Mon blaze est aussi celui d'une arme japonaise Shurik'n
30%
M- J'étais le duo de C Ali
29%
N - J'ai feat avec H,F,L, Youssoupha, Lartiste et d'autres dans un son Medine
29%
P - J'ai gagné en notoriété grave une musique de la bande son de Taxi 5 Zola
29%
V - Il y a un nom d'animal dans mon blaze La fouine
27%
Q - Je faisais partie d'un groupe avec D Akhenaton
21%
S - Pionnier du rap français Mc solaar
20%
O - Meilleur pote de J Suikon blaz ad
13%
Aucun quiz correspondant
Distribution des résultats
% des personnes avec chaque résultat
Percentile par nombre de réponses
Votre historique - résultats
Vous n’avez pas pris ce quiz